Tilastot visalle Yleistieto #64

Klikkaa tästä pelataksesi tätä visaa!

Yleistilastot

  • Tätä visaa on pelattu 284 kertaa
  • Keskiarvotulos 6 / 13

Vastaustilastot

VinkkiVastaus% Oikein
Mikä on Tampereen huvipuiston nimi?Särkänniemi
92%
Minkä kaupungin kaupunginosia ovat Shoreditch, Chelsea ja CamdenLontoon
87%
Minkäniminen on Helsingin nykytaiteen museo?Kiasma
77%
Kenen hitti on "Satumaa-tango"?Maija Vilkkumaan
64%
Kuka hiihtäjä ja Olympia-voittaja tunnetaan lempinimellä 'äitee'?Siiri Rantanen
59%
Mitä Smith & Wesson valmistaa?Aseita
57%
Kuka näytteli elokuvissa "Bussipysäkki" ja "Piukat paikat"?Marilyn Monroe
40%
Minkä bändin laulaja on Jonne Aaron?Negativen
39%
Missä kaupungissa on Pyhän Markuksen tori?Venetsiassa
29%
Missä kaupungissa Titanic rakennettiin?Belfastissa
22%
Kuka kuoli heroiinin yliannostukseen vuonna 1970 Los Angelesissa?Janis Joplin
19%
Kuka on ohjannut elokuvatrilogian "Kolme väriä: Sininen, Valkoinen ja Punainen"Krysztof Kieslowski
10%
Minkä niminen on Japanin luotijuna?Shinkansen
9%

Tulosjakauma

Persentiili vastausten määrän mukaan

Jokaisen tuloksen saaneiden osuus

Tuloshistoriasi

Et ole pelannut tätä visaa